Descrizione illustrata dei Musei dell'antica scultura greca e romana nel Palazzo Vaticano, con aggiunta dei Musei gregoriano-etrusco ed egizio, del Gabinetto de monumenti assiri, della Galleria degli arazzi di Raffaello, delle Sale borgia e delle Carte geografiche d'Italia / (Record no. 100482)
[ view plain ]
| 000 -LEADER | |
|---|---|
| campo de control de longitud fija | 01006nam a2200229 i 4500 |
| 001 - NÚMERO DE CONTROL | |
| campo de control | 100482 |
| 003 - IDENTIFICADOR DE NÚMERO DE CONTROL | |
| campo de control | ES-MaACL |
| 005 - FECHA Y HORA DE LA ÚLTIMA TRANSACCIÓN | |
| campo de control | 20250816085017.0 |
| 007 - CAMPO FIJO DE DESCRIPCIÓN FÍSICA--INFORMACIÓN GENERAL | |
| campo de control de longitud fija | t| |
| 008 - DATOS DE LONGITUD FIJA--INFORMACIÓN GENERAL | |
| campo de control de longitud fija | 050928s1919 it ||||1| ita d |
| 100 1# - ENTRADA PRINCIPAL--NOMBRE DE PERSONA | |
| Nombre de persona | Massi, Ercole G. |
| 9 (RLIN) | 78811 |
| 245 10 - MENCIÓN DEL TÍTULO | |
| Título | Descrizione illustrata dei Musei dell'antica scultura greca e romana nel Palazzo Vaticano, con aggiunta dei Musei gregoriano-etrusco ed egizio, del Gabinetto de monumenti assiri, della Galleria degli arazzi di Raffaello, delle Sale borgia e delle Carte geografiche d'Italia / |
| Mención de responsabilidad, etc. | E.G. Massi. |
| 250 ## - MENCION DE EDICION | |
| Mención de edición | Novella ed., accresciuta e corr. con i recenti cambiamenti. |
| 260 ## - PUBLICACIÓN, DISTRIBUCIÓN, ETC. | |
| Lugar de publicación, distribución, etc. | Roma : |
| Nombre del editor, distribuidor, etc. | [s.n.], |
| Fecha de publicación, distribución, etc. | 1919 ( |
| Fabricante | Tip. dell' Unione Editrice) |
| 300 ## - DESCRIPCIÓN FÍSICA | |
| Extensión | 108 p. : |
| Otras características físicas | il. ; |
| Dimensiones | 19 cm. |
| 650 #7 - PUNTO DE ACCESO ADICIONAL DE MATERIA--TÉRMINO DE MATERIA | |
| Término de materia o nombre geográfico como elemento de entrada | Escultura griega |
| Fuente del encabezamiento o término | embne |
| 9 (RLIN) | 12443 |
| 650 #7 - PUNTO DE ACCESO ADICIONAL DE MATERIA--TÉRMINO DE MATERIA | |
| Término de materia o nombre geográfico como elemento de entrada | Escultura romana |
| Fuente del encabezamiento o término | embne |
| 9 (RLIN) | 136052 |
| 650 ## - PUNTO DE ACCESO ADICIONAL DE MATERIA--TÉRMINO DE MATERIA | |
| Término de materia o nombre geográfico como elemento de entrada | Museos- |
| Subdivisión geográfica | Ciudad del Vaticano. |
| 9 (RLIN) | 15365 |
| 650 #4 - PUNTO DE ACCESO ADICIONAL DE MATERIA--TÉRMINO DE MATERIA | |
| Término de materia o nombre geográfico como elemento de entrada | Arte- |
| Subdivisión geográfica | Ciudad del Vaticano. |
| 9 (RLIN) | 173335 |
| 852 ## - LOCALIZACIÓN | |
| Ubicación | ES-MaACL |
| Número de control de estantería | 1553-F-11 |
| Estatus retirado | Estado de pérdida | Estado de daño | No para préstamo | Colección | Biblioteca de origen | Biblioteca actual | Ubicación en estantería | Fecha de adquisición | Fuente de adquisición | Total de préstamos | Signatura topográfica completa | Código de barras | Visto por última vez | Precio de reemplazo | Tipo de ítem Koha |
|---|---|---|---|---|---|---|---|---|---|---|---|---|---|---|---|
| Colección de folletos | Biblioteca del Ateneo de Madrid | Biblioteca del Ateneo de Madrid | Depósito folletos | 17/01/2008 | 1553-F-11 | 1104914 | 23/02/2023 | 23/02/2023 | Folleto |
